Several arguments against bowing at the name of Jesus. /

Bibliographic Details
Main Author: Learned author
Format: eBook
Language:English
Published: [London : publisher not identified], Printed in the year 1660.
Series:Early English books online.
Subjects:
Online Access:Connect to the full text of this electronic book

MARC

Tag First Indicator Second Indicator Subfields
LEADER 00000nam a2200000 4500
001 in00004285921
005 20200813075439.0
006 m g d
007 cr bn |||a|bb|
008 930430s1660 enk o 00| | eng d
035 |a (UnM)99863477 
037 |a CL0051000005  |b ProQuest Information and Learning. 300 N. Zeeb Rd., Ann Arbor, MI 48106 
040 |a Cu-RivES  |c Cu-RivES  |d CStRLIN  |e dcrb  |d WaOLN 
100 0 |a Learned author. 
245 1 0 |a Several arguments against bowing at the name of Jesus. /  |c By a learned author. 
260 |a [London :  |b publisher not identified],  |c Printed in the year 1660. 
300 |a 1 online resource ([4], 20 pages) 
336 |a text  |b txt  |2 rdacontent 
337 |a computer  |b c  |2 rdamedia 
338 |a online resource  |b cr  |2 rdacarrier 
500 |a Place of publication from Wing. 
500 |a The first leaf bears "The judgement and practise of the old Bohemians concerning bowing at the name of Jesus" on verso. 
500 |a Annotation on Thomason copy: "Nouem 27". 
500 |a Reproduction of the original in the British Library. 
510 4 |a Wing (2nd edition)  |c S2751. 
510 4 |a Thomason  |c E.1050[7]. 
533 |a Electronic reproduction.  |b Ann Arbor, Mich. :  |c UMI,  |d 1999-  |f (Early English books online)  |n Digital version of: (Thomason Tracts ; 155:E1050[7])  |7 s1999 miun s 
600 0 0 |a Jesus Christ  |x Name  |v Early works to 1800. 
650 0 |a Posture in worship  |v Early works to 1800. 
830 0 |a Early English books online. 
856 4 0 |u http://proxy.library.tamu.edu/login?url=https://search.proquest.com/docview/2240946420  |z Connect to the full text of this electronic book  |t 0 
999 f f |s ff34e974-9a8d-3255-918b-7957040a6a28  |i eaf68853-03c3-370d-afa0-464010c40bec  |t 0 
952 f f |a Texas A&M University  |b College Station  |c Electronic Resources  |d Available Online  |t 0  |h No information provided 
998 f f |t 0  |l Available Online